[Event "Tilburg rapid20"]
[Site "Tilburg"]
[Date "1993.??.??"]
[Round "4"]
[White "Jussupow, Artur"]
[Black "Kamsky, Gata"]
[Result "1/2-1/2"]
[WhiteElo "2630"]
[BlackElo "2645"]
[Annotator "Dautov,R"]
[PlyCount "246"]
[EventDate "1993.11.??"]
[EventType "k.o. (rapid)"]
[EventRounds "7"]
[EventCountry "NED"]
[SourceTitle "CBM 039"]
[Source "ChessBase"]
[SourceDate "1994.04.01"]
[SourceVersion "1"]
[SourceVersionDate "1994.04.01"]
[SourceQuality "1"]

1. d4 Nf6 2. c4 e6 3. Nc3 Bb4 4. e3 O-O 5. Bd3 d5 6. Nf3 c5 7. O-O Nc6 8. a3
dxc4 9. axb4 cxd4 10. Bxc4 dxc3 11. Qxd8 $1 (11. b5 $6 {N} Qxd1 12. Rxd1 c2 13.
Rd2 Nb4 14. Ne5 a6 15. f3 Nfd5 16. e4 Nb6 17. Be2 axb5 18. Rxa8 Nxa8 19. Bxb5
Nc7 20. Ba4 Nca6 $10 {->Yusupov-Kamsky (1)/Tilburg (4)/1993}) 11... Rxd8 12.
bxc3 Ne4 (12... b6 $5 {/\} 13. b5 Na5 14. Be2 Bb7 15. Ba3 Rac8 16. Bb4 Nd5 $10)
13. b5 $1 (13. Bb2 b6 14. Rfd1 Bb7 15. Be2 a6 16. Nd4 Nxd4 17. cxd4 Rdc8 $10 {
Gligoric-Wright/Hastings/1969}) 13... Ne7 14. Bb2 Nd5 {N} (14... Kf8 15. Be2 f6
16. Rfd1 Bd7 17. c4 e5 18. Ne1 Ke8 19. Bh5+ g6 20. Bf3 Nc5 21. Ba3 Rac8 22. Bb4
$16 {Polugaevsky-Gipslis/URS/1969}) 15. Rfd1 Bd7 (15... Kf8 16. Rd4 $16) (15...
b6 16. Rd4 Nd6 17. Bd3 (17. Bxd5 $6 exd5 18. Rxd5 Be6 $15) 17... Bb7 18. Rda4
Rac8 19. c4 Nf6 20. Ne5 $16) 16. Bxd5 exd5 17. Rxd5 Nf6 18. Rc5 Ne4 (18... b6
19. Re5 (19. Rc7 Bxb5 20. Nd4 a6 $10 21. c4 $6 Ne8) 19... Ng4 20. Rd5 Nf6 21.
Rd4 $16) 19. Rd5 Nf6 20. Rd4 Bxb5 21. Rxa7 $16 Rdb8 22. Rxa8 Rxa8 23. c4 Ba4
24. Ne5 (24. g4 $5 Bd7 25. Ne5 Be6 26. f3 $16) 24... Re8 25. Rd3 h5 26. f3 Rc8
27. Ra3 Be8 28. Rb3 Rc7 29. Rb4 Nd7 30. Nd3 f6 31. Nf4 Nc5 32. Nd5 Rf7 33. Bd4
(33. e4 $142 $16) 33... Ne6 34. h4 Bc6 35. Bb6 f5 36. Rb2 Rd7 37. Rd2 Kf7 38.
Kf2 Rd6 $1 39. Ba5 b5 40. Nb6 Rxd2+ 41. Bxd2 bxc4 42. Nxc4 Bd5 $14 43. Nd6+ Kg6
44. Bc3 Bc6 45. Be5 Nd8 46. Bd4 Ne6 47. Bc3 Nc5 48. Ke2 Nb7 49. Nc8 Kf7 50. Kf2
Bd7 51. Nb6 Be6 52. Bb4 Nd8 53. Na4 Nc6 54. Bc3 Bc4 55. Nc5 Nd8 56. Kg3 Ne6 57.
Nd7 Bb5 58. Ne5+ Kg8 59. Bb4 Kh7 60. Be7 Kg8 61. Kf2 Kh7 62. Ke1 Kg8 63. Kd2
Kh7 64. Kc3 f4 65. e4 Bf1 66. Kd2 Bxg2 67. Ke2 Bh3 68. Kf2 Kg8 69. Bg5 Kh7 70.
Nd3 g6 71. Bxf4 Nd4 72. Bg5 Bd7 73. Bf6 Ne6 74. Ke3 Bb5 75. Ne5 Nf8 76. Nf7 Ne6
77. f4 Bc4 78. Bc3 Bb3 79. Ne5 Bc2 80. Nd7 Kg8 81. Bd4 Bb1 82. Ne5 Kh7 83. Nc6
Kg8 84. Nb4 Kf7 85. Nd5 Bc2 86. Nc3 Kg8 87. Be5 Kf7 88. Kd2 Bb3 89. Kd3 Nc5+
90. Kd4 Ne6+ 91. Ke3 Bc2 92. Bd6 Ke8 93. Kd2 Bb3 94. Kd3 Kd7 95. Be5 Nc5+ 96.
Kd4 Ne6+ 97. Ke3 Bc2 98. Ne2 Nc5 99. Ng3 Ke6 100. Bd4 Nb7 101. Kd2 Bb1 102. Ke3
Bc2 103. Bc3 Nd6 104. Bb4 Ne8 105. Ne2 Kf7 106. Nd4 Bb1 107. Nf3 Nf6 108. Ng5+
Ke8 109. Kd4 Bc2 110. e5 Ng4 111. e6 Bb3 112. Ba3 Nh6 113. Ke5 Ng4+ 114. Kd6
Ne3 115. Bc5 Nf5+ 116. Ke5 Nxh4 117. Kf6 Ng2 118. Ke5 h4 119. e7 Ba4 120. Bd6
Ne3 121. Kf6 Nd5+ 122. Kxg6 Nxe7+ 123. Bxe7 Kxe7 1/2-1/2

[Event "Tilburg rapid20"]
[Site "Tilburg"]
[Date "1993.??.??"]
[Round "4"]
[White "Kamsky, Gata"]
[Black "Jussupow, Artur"]
[Result "0-1"]
[WhiteElo "2645"]
[BlackElo "2630"]
[PlyCount "60"]
[EventDate "1993.11.??"]
[EventType "k.o. (rapid)"]
[EventRounds "7"]
[EventCountry "NED"]
[SourceTitle "CBM 039"]
[Source "ChessBase"]
[SourceDate "1994.04.01"]
[SourceVersion "1"]
[SourceVersionDate "1994.04.01"]
[SourceQuality "1"]

1. e4 e5 2. Bc4 Nf6 3. d3 c6 4. Nf3 Be7 5. O-O d6 6. c3 O-O 7. Re1 Nbd7 8. Nbd2
Nb6 9. Bb3 Be6 10. Bc2 h6 11. a4 a5 12. Nf1 Nh7 13. d4 Ng5 14. Bxg5 hxg5 15.
dxe5 dxe5 16. Nxe5 Qc7 17. Nf3 Rad8 18. Qc1 g4 19. Nd4 Bc5 20. Nb3 Bxb3 21.
Bxb3 Nd7 22. Ne3 Qf4 23. Qc2 Ne5 24. Rad1 Rxd1 25. Qxd1 g6 26. Qe2 Kg7 27. g3
Nf3+ 28. Kh1 Rh8 29. Nf1 Qh6 30. h4 Nxh4 0-1

[Event "Groningen PCA"]
[Site "Groningen"]
[Date "1993.??.??"]
[Round "4"]
[White "Kamsky, Gata"]
[Black "Ehlvest, Jaan"]
[Result "1-0"]
[WhiteElo "2645"]
[BlackElo "2620"]
[Annotator "Dautov,R"]
[PlyCount "57"]
[EventDate "1993.12.??"]
[EventType "swiss"]
[EventRounds "11"]
[EventCountry "NED"]
[SourceTitle "CBM 039"]
[Source "ChessBase"]
[SourceDate "1994.04.01"]
[SourceVersion "1"]
[SourceVersionDate "1994.04.01"]
[SourceQuality "1"]

1. d4 Nf6 2. Nf3 d6 3. c4 g6 4. Nc3 Bg7 5. Bg5 O-O 6. e3 c5 7. Be2 h6 8. Bh4
cxd4 (8... g5 9. Bg3 Nh5 10. Qd2 {/\0-0-0 Azmaiparashvili}) (8... Bg4 $5 9. O-O
cxd4 10. exd4 Nc6 11. d5 Bxf3 12. Bxf3 Ne5 13. Be2 Rc8 14. b3 $14) 9. Nxd4 Nc6
10. O-O a6 11. Rc1 (11. Qd2 Bd7 12. Rfd1 Rb8 {/\b5}) 11... Bd7 12. a3 Rb8 {N} (
12... Rc8 13. b4 a5 (13... Ne5 14. Qb3 $14) 14. b5 $1 {Knaak} Nb8 (14... Ne5
15. Bxf6 Bxf6 16. Ne4 $16) 15. f4 $14) 13. b4 Nxd4 $6 (13... Ne5 14. Qb3 $14) (
13... b5 {>=} 14. Nb3 $1 (14. Nxc6 Bxc6 15. cxb5 axb5 16. Bf3 Bxf3 17. Qxf3 g5
18. Bg3 Qb6 $10) (14. cxb5 Nxd4 15. Qxd4 axb5 $10) (14. c5 dxc5 15. bxc5 Rc8
$10) 14... bxc4 (14... Ne5 15. cxb5 axb5 16. Nd4 $16) (14... Na7 15. c5 $16)
15. Bxc4 g5 (15... a5 $6 16. b5 Ne5 17. Be2 $16) (15... Qb6 $2 16. Bxf6 Bxf6
17. Nd5 $16) 16. Bg3 Qb6 17. Qe2 Ra8 18. Rfd1 $14) 14. exd4 Bf5 15. Re1 (15.
Bf3 $5) 15... Re8 (15... g5 $5 16. Bg3 Ne4 17. Nxe4 Bxe4 18. c5 f5 19. Bc4+ Kh8
20. Be6 $16) (15... e5 $2 16. dxe5 dxe5 17. Qxd8 Rfxd8 18. Nd5 Rd6 19. Nxf6+
Bxf6 20. c5 Re6 21. Bxf6 Rxf6 22. Bc4 $16) 16. Bf3 Qd7 $2 (16... g5 {>=} 17.
Bg3 Qd7 18. c5 $16 {/\Na4-b6,d5}) 17. Bxf6 exf6 (17... Bxf6 $2 18. g4 Be6 19.
d5 $18) 18. Rxe8+ Qxe8 19. c5 h5 20. Nd5 dxc5 (20... Rd8 21. Nb6 Bh6 22. Rc4
Qe7 23. d5 $16 {/\c6}) 21. bxc5 Rd8 22. Nb6 {o^} Bh6 23. Rc4 Bg4 24. d5 $1 (24.
Bxg4 hxg4 25. d5 f5 26. d6 Qe6 $16) 24... Bxf3 25. gxf3 Qe5 26. d6 Bf4 $2 (
26... f5 $142 27. Rc2 $16) 27. Nd5 $1 $18 Qg5+ (27... Bxh2+ 28. Kg2 $18 {
/\f4,/\Re4}) (27... Bh6 28. f4 Qe6 29. Re4 $18) 28. Kh1 Be5 29. h4 (29. f4 Qh4)
(29. h4 Qh6 30. f4 Bb2 31. Qb3 Ba1 32. Qb1 $18) 1-0

[Event "Groningen PCA"]
[Site "Groningen"]
[Date "1993.??.??"]
[Round "5"]
[White "Polgar, Judit"]
[Black "Kamsky, Gata"]
[Result "0-1"]
[WhiteElo "2630"]
[BlackElo "2645"]
[Annotator "Kortschnoj,V"]
[PlyCount "132"]
[EventDate "1993.12.??"]
[EventType "swiss"]
[EventRounds "11"]
[EventCountry "NED"]
[SourceTitle "CBM 039"]
[Source "ChessBase"]
[SourceDate "1994.04.01"]
[SourceVersion "1"]
[SourceVersionDate "1994.04.01"]
[SourceQuality "1"]

1. e4 e5 2. Nf3 Nf6 3. d4 Nxe4 4. Bd3 d5 5. Nxe5 Bd6 6. O-O O-O 7. Nd2 Bxe5 8.
dxe5 Nc5 9. Qh5 (9. Nb3 Nxd3 10. Qxd3 Nc6 11. Bf4 $14) 9... Nxd3 10. cxd3 c5
11. b4 $5 cxb4 12. a3 bxa3 13. Bxa3 $146 Re8 14. Bd6 Nc6 15. Ra4 Qd7 $1 16. Rf4
Qe6 17. d4 Qg6 18. Qf3 Be6 $15 19. Nb1 $1 Na5 $1 20. Na3 (20. Nc3 Nc4 21. Rd1
Nxd6 22. exd6 Rad8 $15) 20... Rac8 21. Nb5 Nc4 22. Ra1 a6 23. Nc7 Nxd6 24. exd6
Red8 25. Nxd5 Bxd5 26. Qxd5 Rd7 27. Re1 Qxd6 28. Rfe4 g6 (28... h6 29. Qf5 Rf8)
29. Qg5 Kg7 30. Rh4 Kg8 31. Rhe4 (31. Qh6 f5 $17) 31... Rcd8 32. h4 Qf8 $1 33.
Qf6 (33. h5 Rd5 34. Re5 $2 f6 $19) 33... Rd6 34. Qf4 Rd5 35. Qc7 b5 36. Re7
Rxd4 37. R1e3 (37. h5 Rd1 $17) 37... Rxh4 $6 (37... Rc4 $1 38. Qb7 Rxh4 $19)
38. f4 $1 Rc8 39. Qd7 Rd8 40. Qc6 (40. Qc7 b4 $1 41. Qc6 Qh6 42. Re8+ Kg7 43.
Rxd8 Rh1+ 44. Kf2 Qh4+ 45. g3 Rh2+ 46. Kg1 Qxd8 47. Kxh2 Qd2+ $19) 40... Rd1+
41. Kf2 Rxf4+ 42. Kg3 (42. Ke2 Rc4 43. Qf6 Rd8 44. Rxf7 Rc2+ 45. Ke1 Qb4+ $19)
42... Rc4 43. Qf6 Rc8 44. Rf3 Re8 45. Ra7 $1 (45. Rxf7 Qd6+ $19) 45... Rd5 $1
46. Qxf7+ Qxf7 47. Rfxf7 Rg5+ $1 48. Kf4 (48. Kh4 Rh5+ 49. Kg4 Rb8 $1 $19)
48... Rf5+ 49. Rxf5 gxf5 50. Rxa6 Rb8 51. Kxf5 b4 52. Ra2 b3 53. Rb2 Kg7 54.
Ke4 Kg6 55. Kd3 Kg5 56. Kd2 Kg4 57. Kc1 h5 58. Rd2 b2+ 59. Kb1 Rb4 $1 $19 60.
Rd3 h4 61. Rc3 Rf4 62. Kxb2 Rf2+ 63. Kc1 Rxg2 64. Rc4+ Kg3 65. Rc3+ Kf2 66. Kd1
Rg3 0-1

[Event "Groningen PCA"]
[Site "Groningen"]
[Date "1993.??.??"]
[Round "6"]
[White "Kamsky, Gata"]
[Black "Kramnik, Vladimir"]
[Result "1/2-1/2"]
[WhiteElo "2645"]
[BlackElo "2710"]
[Annotator "Chekhov,V"]
[PlyCount "92"]
[EventDate "1993.12.??"]
[EventType "swiss"]
[EventRounds "11"]
[EventCountry "NED"]
[SourceTitle "CBM 039"]
[Source "ChessBase"]
[SourceDate "1994.04.01"]
[SourceVersion "1"]
[SourceVersionDate "1994.04.01"]
[SourceQuality "1"]

1. e4 c5 2. Nf3 Nc6 3. d4 cxd4 4. Nxd4 Nf6 5. Nc3 d6 6. Bg5 e6 7. Qd2 Be7 8.
O-O-O O-O 9. f4 Nxd4 10. Qxd4 Qa5 11. Bb5 $5 $146 (11. Bc4 Bd7 12. Rd3 Rad8 13.
Rg3 Kh8 14. Rf1 $5 $146 h6 15. e5 dxe5 16. fxe5 Be8 17. Qf4 Nh5 18. Bxh6 $3
Nxf4 19. Bxg7+ Kh7 20. Rxf4 Rg8 21. Rfg4 Rxg7 22. Rxg7+ Kh6 23. Rg8 Kh7 24.
R8g7+ Kh6 25. Rg8 Kh7 {Shirov,A-Kramnik,V/Groningen/1993/0,5 (25)/}) 11... h6 (
11... a6 $6 12. e5 dxe5 13. fxe5 Nd5 (13... Rd8 14. Qh4 $36) 14. Bxe7 Nxe7 15.
Bd3 $36) 12. Bh4 Rd8 13. e5 dxe5 14. Qxe5 Ng4 (14... a6 $6 15. Bd3 b5 (15...
Qxe5 16. fxe5 Nd5 17. Bxe7 Nxe7 18. Bh7+ $18) 16. Ne4 $1 $36) 15. Rxd8+ Qxd8
16. Bxe7 Qxe7 17. Qd4 $14 b6 18. Be2 Nf6 19. Rd1 Bb7 20. g3 Rc8 21. Qd6 $5 (21.
Nb5 $5 Bd5 (21... Nd5 22. Nxa7 Ra8 23. Nb5 Rxa2 24. Kb1 $14) 22. Kb1 a6 23. Nc3
b5 24. Nxd5 exd5 (24... Nxd5 25. Bf3 $14) 25. Bd3 $14 Qd6) 21... Qxd6 22. Rxd6
Kf8 23. Nb5 Ke7 24. Rd1 Ra8 $8 25. c4 Bc6 26. Nd4 Bd7 27. Kd2 g5 28. Bf3 Rc8
29. b3 Ne8 $1 30. Re1 Kf6 31. Kd3 Nd6 32. Rc1 a5 $1 33. a3 gxf4 34. gxf4 Nf5
$10 35. b4 axb4 36. axb4 e5 (36... Nxd4 37. Kxd4 Kf5 38. Be4+ $1 Kxf4 39. Rf1+
$16) 37. fxe5+ Kxe5 38. Re1+ Kd6 39. Bd5 Nxd4 40. Kxd4 Be6 41. Re5 Rg8 42. c5+
bxc5+ 43. bxc5+ Ke7 44. Bxe6 fxe6 45. Kc4 Kd7 46. Re3 Rg2 1/2-1/2

[Event "Groningen PCA"]
[Site "Groningen"]
[Date "1993.??.??"]
[Round "8"]
[White "Kamsky, Gata"]
[Black "Nikolic, Predrag"]
[Result "1/2-1/2"]
[WhiteElo "2645"]
[BlackElo "2625"]
[Annotator "Ribli,Z"]
[PlyCount "87"]
[EventDate "1993.12.??"]
[EventType "swiss"]
[EventRounds "11"]
[EventCountry "NED"]
[SourceTitle "CBM 039"]
[Source "ChessBase"]
[SourceDate "1994.04.01"]
[SourceVersion "1"]
[SourceVersionDate "1994.04.01"]
[SourceQuality "1"]

1. c4 e5 2. Nc3 Nc6 3. Nf3 f5 4. d3 Nf6 5. g3 g6 6. Bg2 Bg7 7. O-O O-O 8. Rb1
a5 9. a3 d6 10. b4 {-> A26} axb4 11. axb4 Ne7 (11... h6 $5 12. b5 Ne7 13. Bb2
g5 $13 {Libeau,R-Blatny,P/Munster/1992/CBM31/INF56,(34)/}) 12. Qb3 Kh8 13. c5
h6 14. b5 $5 Nd7 15. cxd6 cxd6 16. Ba3 Nc5 17. Bxc5 dxc5 18. Rfd1 Rb8 (18...
Qd6 19. Nd2 Qf6 20. Nd5 $1 Nxd5 21. Qxd5 $16) 19. b6 Qd6 20. Nd2 Bd7 21. Nc4
Qf6 22. Qa3 Rfc8 23. Nb5 Nc6 24. Nc7 (24. Qxc5 $2 Nd4 25. Nc7 Nxe2+ 26. Kh1 Nc3
$17) 24... Nb4 25. Qa5 Qe7 26. Rdc1 (26. Rbc1 $5) 26... e4 27. dxe4 fxe4 28.
Rd1 (28. Ne3 $5 Bd4 29. Ned5 Nxd5 30. Nxd5 Qf7 31. e3 Ra8 32. Qe1 Qxd5 33. exd4
$44) 28... Nc6 29. Qd2 Rd8 30. Qd6 Qg5 31. Rd5 (31. Bxe4 $2 Bf5 32. Bxf5 Rxd6
33. Nxd6 Qf6 $17) 31... Bf5 32. Qxc5 Rxd5 33. Qxd5 e3 $1 34. Rf1 (34. f4 Qe7
$44) 34... exf2+ 35. Kh1 Qe7 36. Nd6 Qxe2 37. Nxf5 gxf5 38. Ne6 Re8 39. Nf4 Qc2
40. Qf7 Re1 41. Qxb7 Qb1 42. Qa6 Nd8 43. Nd5 Qb3 44. Nf4 1/2-1/2

[Event "USA-ch"]
[Site "Long Beach"]
[Date "1993.??.??"]
[Round "3"]
[White "Kamsky, Gata"]
[Black "Gulko, Boris F"]
[Result "1-0"]
[WhiteElo "2645"]
[BlackElo "2635"]
[PlyCount "155"]
[EventDate "1993.12.??"]
[EventType "tourn"]
[EventRounds "11"]
[EventCountry "USA"]
[EventCategory "14"]
[SourceTitle "CBM 039"]
[Source "ChessBase"]
[SourceDate "1994.04.01"]
[SourceVersion "1"]
[SourceVersionDate "1994.04.01"]
[SourceQuality "1"]

1. e4 c5 2. Nf3 Nc6 3. d4 cxd4 4. Nxd4 Nf6 5. Nc3 d6 6. Bg5 e6 7. Qd2 a6 8.
O-O-O h6 9. Be3 Bd7 10. f4 Be7 11. h3 b5 12. Bd3 O-O 13. g4 Nxd4 14. Bxd4 b4
15. Ne2 e5 16. Be3 Qa5 17. Kb1 exf4 18. Bxf4 Be6 19. Nc1 Nd7 20. Nb3 Qb6 21. g5
h5 22. Be2 Nc5 23. Nxc5 dxc5 24. Bxh5 c4 25. Bg4 c3 26. Qd4 Bc5 27. Qe5 Bxa2+
28. Kxa2 b3+ 29. cxb3 c2 30. Qc7 cxd1=Q 31. Rxd1 Rab8 32. Qxb6 Rxb6 33. Rd5 Bb4
34. Bd7 Be7 35. Rd3 Bc5 36. Be5 Be7 37. h4 f6 38. gxf6 gxf6 39. Bc7 Rb7 40.
Be6+ Kh8 41. Bf4 Rd8 42. Bd5 Rbd7 43. Bd2 Rg8 44. Bc3 Rg4 45. Rf3 Rd6 46. Rh3
Bf8 47. Rf3 Bg7 48. h5 Rh4 49. Rf5 Kh7 50. Bb4 Rb6 51. Be7 Rb5 52. b4 Kh6 53.
Bxf6 Bxf6 54. Rxf6+ Kxh5 55. Ka3 a5 56. Rf5+ Kg4 57. bxa5 Rxa5+ 58. Kb4 Ra1 59.
Kc5 Rc1+ 60. Kd6 Rh2 61. b3 Rd2 62. Rf7 Rc8 63. Rb7 Kf4 64. b4 Rc4 65. Ke6 Rcd4
66. b5 Rb4 67. Bc6 Ke3 68. e5 Rh4 69. Rf7 Rh6+ 70. Rf6 Rh8 71. Ke7 Rh7+ 72. Rf7
Rh6 73. e6 Kd4 74. Rf5 Re2 75. Rf6 Rh3 76. Kd6 Rd3 77. b6 Kc4+ 78. Kc7 1-0

[Event "USA-ch"]
[Site "Long Beach"]
[Date "1993.??.??"]
[Round "9"]
[White "Kamsky, Gata"]
[Black "Wolff, Patrick G"]
[Result "1/2-1/2"]
[WhiteElo "2645"]
[BlackElo "2585"]
[Annotator "Ftacnik,L"]
[PlyCount "109"]
[EventDate "1993.12.??"]
[EventType "tourn"]
[EventRounds "11"]
[EventCountry "USA"]
[EventCategory "14"]
[SourceTitle "CBM 039"]
[Source "ChessBase"]
[SourceDate "1994.04.01"]
[SourceVersion "1"]
[SourceVersionDate "1994.04.01"]
[SourceQuality "1"]

1. e4 c5 2. Nf3 d6 3. d4 cxd4 4. Nxd4 Nf6 5. Nc3 a6 6. g3 {A surprising choice.
Wolff is usually well-prepared for side lines such as this. Perhaps gata
simply wanted a quiet game today of his morning loss.} e5 7. Nde2 Nbd7 8. Bg2
b5 9. h3 Be7 (9... Bb7 10. g4 b4 11. Nd5 Nxd5 12. exd5 g6 {was an alternative
Wolff considered during the game, but didn't like the looks of the position
after 13.a3. Still, it deserves further consideration.}) 10. g4 {Kamsky took a
long time over this move.} O-O 11. Ng3 (11. g5 Ne8 {and it is hard to see how
White continues the attack.}) 11... Nc5 12. O-O (12. Nf5 Bxf5 13. exf5 b4 $5
14. Nd5 (14. Bxa8 $2 Qxa8 $17) 14... Nxd5 15. Bxd5 Rc8 {/\ Bg5. Wolff said he
would be happy with his game in this case.}) 12... Bb7 13. Be3 (13. Re1 $5)
13... Rc8 14. a3 g6 {Black moves to take care of the hole at f5.} 15. Qd2 {
Wolff thought for a long time here. White is planning Rae1, Bh6, f4 and a
kingside attack. So Black has to come up with an idea, even though his
position is satisfactory.} Nfd7 (15... Ne6 16. Nd5 Nxd5 17. exd5 Nf4 (17... Nc5
18. Bh6 Re8 19. f4 {was also possible.}) 18. Bxf4 exf4 19. Ne2 Bg5 $5) 16. Rad1
Nb6 17. b3 Qc7 18. Bh6 Rfe8 19. Nge2 Ne6 {Black wants to get in Nd4, but
Kamsky doesn't allow it.} 20. Nd5 Nxd5 (20... Bxd5 21. exd5 Nc5 {is an
interesting alternative.}) 21. exd5 Nf8 22. Rc1 Nd7 (22... Qc5 23. Be3 Qxa3 24.
Ra1 Qb2 25. Rfc1 {and White has no less than a draw, with constant rook
attacks on the queen.}) (22... Qb8 $5 23. f4 Nd7 24. f5 $5) 23. c4 Qb8 (23...
Nc5 {was Patrick's original idea.} 24. cxb5 Qd7 25. bxa6 Nxb3 (25... Bxa6 $5
26. Rc3) 26. axb7 Rxc1 (26... Nxd2 27. bxc8=Q Rxc8 28. Rxc8+ Qxc8 29. Bxd2 $16)
27. Qb4 Rxf1+ 28. Bxf1 $16) 24. Kh1 $2 {This is much too slow.} (24. cxb5 axb5
25. Qa5 {has a lot of potential for White.}) 24... bxc4 25. bxc4 {[#] White's
backward pawn at c4 is a real problem.} Rc7 $1 26. Be3 Rec8 27. Qa2 {White is
clearly on the defensive here.} (27. Qb4 {would have been more active.}) 27...
a5 28. Rc2 Ba6 29. Rfc1 Nc5 (29... a4 $5 {might have been stronger.}) 30. Rb1
Rb7 31. Rxb7 Qxb7 32. Ng3 Qb3 (32... Nb3 33. c5 $1 dxc5 $2 34. d6 $16) 33. Qxb3
Nxb3 34. Bf1 a4 35. Kg1 (35. c5 Bxf1 36. cxd6 Rxc2 37. dxe7 Bb5 $19) 35... Na5
36. c5 $1 Bxf1 37. Kxf1 {[#] Now the draw is pretty much forced.} dxc5 38. Ne4
f5 $1 39. d6 fxe4 (39... Bf8 40. d7 Rd8 41. Bg5 Rxd7 42. Nf6+ $18) 40. dxe7 Kf7
41. Rxc5 Rxc5 42. Bxc5 Nc6 43. e8=Q+ Kxe8 44. Ke2 Kd7 45. Ke3 Ke6 46. Kxe4 Nd8
47. h4 h5 48. gxh5 gxh5 49. f4 exf4 {Here Wolff offered a draw, which Kamsky
declined.} 50. Kxf4 Nf7 51. Bf8 Ne5 52. Kg5 Nf3+ 53. Kxh5 Kd5 54. Kg4 Nxh4 {
Here Kasmsky stopped the clock, signed the scoresheet and said "draw". But
Wolff wasn't satisfied. He required Gata, as per the rules, to make a move
before offering a draw. So...} 55. Kxh4 {(Notes after comments by Wolff in the
Analysis Room following the game.)} 1/2-1/2

[Event "USA-ch"]
[Site "Long Beach"]
[Date "1993.??.??"]
[Round "11"]
[White "Kamsky, Gata"]
[Black "Christiansen, Larry Mark"]
[Result "0-1"]
[WhiteElo "2645"]
[BlackElo "2555"]
[Annotator "Ftacnik,L"]
[PlyCount "196"]
[EventDate "1993.12.??"]
[EventType "tourn"]
[EventRounds "11"]
[EventCountry "USA"]
[EventCategory "14"]
[SourceTitle "CBM 039"]
[Source "ChessBase"]
[SourceDate "1994.04.01"]
[SourceVersion "1"]
[SourceVersionDate "1994.04.01"]
[SourceQuality "1"]

1. d4 Nf6 2. c4 e6 3. Nf3 Bb4+ 4. Nc3 c5 5. g3 cxd4 6. Nxd4 O-O 7. Bg2 d5 8.
Qb3 Bxc3+ 9. Qxc3 e5 10. Nb3 d4 11. Qa5 Qe8 $1 12. Bg5 Nc6 13. Qc7 Qd7 14. Qxd7
Nxd7 (14... Bxd7 15. Nc5) 15. Rc1 a5 $1 16. O-O a4 17. Na1 (17. Nd2 h6) 17...
h6 (17... Nc5 $2 18. Bxc6 bxc6 19. Be7 $16) 18. Bd2 Nf6 19. Nc2 Bg4 20. Rfe1 e4
21. f3 Bf5 22. fxe4 Bxe4 23. Bh3 (23. Bf4 Rfe8 $10) 23... Rfe8 24. Nb4 Ne5 25.
Bf4 a3 26. b3 Rad8 27. Rcd1 Nfg4 28. Bxg4 Nxg4 29. Bc7 $2 (29. c5 {/\ Bd6}) (
29. Bc1 Ne3 30. Rd2 {xa3}) 29... Rd7 30. Bb6 Re6 $1 31. Rxd4 (31. Bxd4 Red6 32.
e3 Nxe3 33. Rxe3 Rxd4 $17) 31... Rxb6 32. Rxd7 Rxb4 33. Re7 (33. Rd8+ Kh7 34.
Ra8 b5 35. Rxa3 bxc4 36. bxc4 Rxc4 $17) 33... Bg6 34. Rd1 (34. Re8+ Kh7 35. Ra8
Ne3 36. Rc1 Nc2 $17) 34... Kh7 35. Rdd7 $2 Rxb3 $1 36. Rxb7 (36. axb3 a2 37.
Rd1 Bb1 $19) 36... Rb2 $1 37. Ra7 Rxa2 38. h3 Nf6 39. Re3 Rc2 40. Rexa3 Rxc4
41. g4 h5 42. gxh5 Bxh5 43. Re7 Rf4 44. Re5 g6 $6 (44... Bg6 {/\ Kh6, Nh7-g5})
45. Ra7 Kg7 46. Rae7 Ng8 47. Re8 Rd4 48. Kf2 Rd7 49. Ra8 Ne7 50. Ra3 Nf5 51.
Re4 Rd1 52. Raa4 Rh1 53. Kg2 Rc1 54. Ra3 Rc2 55. Kf2 Nd6 56. Re7 Kf6 57. Raa7
g5 58. Rad7 Rc4 59. Rc7 Ne4+ 60. Ke1 (60. Ke3 Rxc7 61. Rxc7 Ng3 $19) 60... Rc3
$1 61. Rxc3 Nxc3 62. Ra7 Nxe2 63. Ra6+ Kf5 64. Ra5+ Kg6 65. Kf2 Nf4 66. Kg3 Bd1
67. Rc5 Bb3 $2 (67... Nh5+ 68. Kg2 f5 69. Rc6+ Nf6 {/\ Ba4-d7}) 68. h4 Nh5+ 69.
Kg2 f5 (69... gxh4 70. Kh3) 70. hxg5 Kxg5 71. Kf3 Bd1+ 72. Ke3 Kg4 73. Rd5 f4+
74. Kf2 Bc2 75. Rc5 Be4 76. Rc7 Nf6 77. Rf7 Kf5 78. Ke2 Bd5 79. Rf8 Ke5 80. Rb8
Ng4 81. Re8+ Kd4 82. Rf8 Ke4 83. Re8+ Ne5 84. Kf2 Kd4 85. Rf8 Bf7 86. Rb8 Ke4
87. Rb4+ Bc4 88. Rb8 Nd3+ 89. Kg2 Bd5 90. Re8+ Kd4+ 91. Kf1 f3 92. Rd8 Ke4 93.
Rd7 Ke5 94. Rd8 Be4 95. Rh8 Kf4 96. Rh2 Ke3 97. Ra2 Nf4 98. Ke1 f2+ 0-1

[Event "PCA-op playoff"]
[Site "New York"]
[Date "1994.??.??"]
[Round "?"]
[White "Kamsky, Gata"]
[Black "Ehlvest, Jaan"]
[Result "1-0"]
[WhiteElo "2695"]
[BlackElo "2600"]
[PlyCount "97"]
[EventDate "1994.??.??"]
[EventType "tourn"]
[EventRounds "7"]
[EventCountry "USA"]
[SourceTitle "CBM 041 Extra"]
[Source "ChessBase"]
[SourceDate "1994.09.01"]
[SourceVersion "1"]
[SourceVersionDate "1994.09.01"]
[SourceQuality "1"]

1. d4 Nf6 2. c4 e6 3. Nc3 Bb4 4. e3 O-O 5. Bd3 c5 6. Nf3 d5 7. O-O dxc4 8. Bxc4
Nbd7 9. a3 Bxc3 10. bxc3 b6 11. Re1 Bb7 12. Bd3 Be4 13. Bxe4 Nxe4 14. Qd3 Ndf6
15. Bb2 Qc7 16. c4 Rfd8 17. Rac1 Rac8 18. h3 h6 19. a4 Qb7 20. Qb3 Qa6 21. Red1
cxd4 22. exd4 Qb7 23. a5 Rb8 24. axb6 Qxb6 25. Qxb6 axb6 26. Ne5 Rbc8 27. Ba3
Nd6 28. Bb2 Nb7 29. Ba1 Nd7 30. Nf3 Na5 31. Nd2 Rc7 32. Rc2 Rdc8 33. Rdc1 f6
34. Kf1 Nb8 35. Ke1 Na6 36. Ke2 Rc6 37. Rb1 Kh7 38. Kd3 Rd8 39. Ke3 Rdc8 40.
Kd3 Nc7 41. Bc3 Nb7 42. Rcb2 Nd5 43. cxd5 Rxc3+ 44. Ke2 exd5 45. Rxb6 Na5 46.
R6b5 Rc2 47. Rxa5 Re8+ 48. Kd3 Rec8 49. Rxd5 1-0

[Event "PCA-op playoff"]
[Site "New York"]
[Date "1994.??.??"]
[Round "?"]
[White "Smirin, Ilia"]
[Black "Kamsky, Gata"]
[Result "1/2-1/2"]
[WhiteElo "2615"]
[BlackElo "2695"]
[PlyCount "88"]
[EventDate "1994.??.??"]
[EventType "tourn"]
[EventRounds "7"]
[EventCountry "USA"]
[SourceTitle "CBM 041 Extra"]
[Source "ChessBase"]
[SourceDate "1994.09.01"]
[SourceVersion "1"]
[SourceVersionDate "1994.09.01"]
[SourceQuality "1"]

1. d4 Nf6 2. c4 g6 3. Nc3 Bg7 4. e4 d6 5. Bd3 O-O 6. Nge2 e5 7. d5 a5 8. O-O
Na6 9. f3 Nh5 10. Be3 f5 11. exf5 gxf5 12. f4 exf4 13. Nxf4 Nxf4 14. Bxf4 Nc5
15. Bc2 Bd7 16. Kh1 Qf6 17. Qd2 Rae8 18. Be3 b6 19. Rad1 Qg6 20. b3 Be5 21. Bd4
Bxd4 22. Qxd4 Qg7 23. Qxg7+ Kxg7 24. Rd2 Re3 25. Ne2 Ne4 26. Bxe4 fxe4 27. Rxf8
Kxf8 28. Kg1 Rd3 29. Rxd3 exd3 30. Nc3 Bf5 31. h3 d2 32. Kf2 a4 33. g4 axb3 34.
axb3 Bc2 35. Ke3 Bxb3 36. Kxd2 Ke7 37. Kd3 Kd7 38. g5 Ke7 39. h4 Kf7 40. h5 Ke7
41. Nb5 Bd1 42. h6 Kd7 43. g6 Bh5 44. g7 Bf7 {(...)} 1/2-1/2